Thermodynamics (Record no. 7801)

000 -LEADER
fixed length control field 00495nam a22002057a 4500
001 - CONTROL NUMBER
control field 7801
003 - CONTROL NUMBER IDENTIFIER
control field BD-DhUET
008 - FIXED-LENGTH DATA ELEMENTS--GENERAL INFORMATION
fixed length control field 141212b xxu||||| |||| 00| 0 eng d
040 ## - CATALOGING SOURCE
Transcribing agency 0
Modifying agency BD-DhUET
082 ## - DEWEY DECIMAL CLASSIFICATION NUMBER
Classification number 621.01
Item number OBE/1963
100 ## - MAIN ENTRY--PERSONAL NAME
Personal name Obert, Edward F.
245 ## - TITLE STATEMENT
Title Thermodynamics
250 ## - EDITION STATEMENT
Edition statement 2nd ed.
260 ## - PUBLICATION, DISTRIBUTION, ETC. (IMPRINT)
Place of publication, distribution, etc. New York
Name of publisher, distributor, etc. McGraw-Hill Book
Date of publication, distribution, etc. 1963
300 ## - PHYSICAL DESCRIPTION
Extent xxi,596p.
504 ## - BIBLIOGRAPHY, ETC. NOTE
Bibliography, etc Includes bibliographies
650 #0 - SUBJECT ADDED ENTRY--TOPICAL TERM
Topical term or geographic name as entry element Thermodynamics
700 ## - ADDED ENTRY--PERSONAL NAME
Personal name Gaggioli, Richard A.
942 ## - ADDED ENTRY ELEMENTS (KOHA)
Koha item type General Book
Holdings
Sublocation or collection (holding branch) Shelving location Withdrawn status Date acquired Koha date last seen Price effective from Koha full call number Lost status Copy number Location (home branch) Piece designation (barcode) Koha item type Damaged status Koha normalized classification for sorting Source of classification or shelving scheme Not for loan
Central Library, BUETCirculation section 2014-12-122014-12-122014-12-12621.01/OBE/1963 1Central Library, BUET6402General Book 621_010000000000000_OBE_1963  
Central Library, BUETCirculation section 2014-12-122014-12-122014-12-12621.01/OBE/1963 2Central Library, BUET6403General Book 621_010000000000000_OBE_1963  
Central Library, BUETCirculation section 2014-12-122014-12-122014-12-12621.01/OBE/1963 3Central Library, BUET15731General Book 621_010000000000000_OBE_1963  
Central Library, BUETCirculation section 2014-12-122014-12-122014-12-12621.01/OBE/1963 4Central Library, BUET18703General Book 621_010000000000000_OBE_1963  
Central Library, BUETCirculation section 2014-12-122014-12-122014-12-12621.01/OBE/1963 5Central Library, BUET18706General Book 621_010000000000000_OBE_1963  
Central Library, BUETCirculation section 2014-12-122014-12-122014-12-12621.01/OBE/1963 6Central Library, BUET18708General Book 621_010000000000000_OBE_1963  
Central Library, BUETCirculation section 2014-12-122014-12-122014-12-12621.01/OBE/1963 7Central Library, BUET18705General Book 621_010000000000000_OBE_1963  
Central Library, BUETCirculation section 2014-12-122014-12-122014-12-12621.01/OBE/1963 8Central Library, BUET18702General Book 621_010000000000000_OBE_1963  
Central Library, BUETCirculation section 2015-04-122015-04-122015-04-12621.01/OBE/1963 9Central Library, BUET18707General Book 621_010000000000000_OBE_1963